| 000 | 00898nam a2200289 a 4500 | ||
|---|---|---|---|
| 001 | 1510799 | ||
| 003 | OSt | ||
| 005 | 20140310182036.0 | ||
| 008 | 920820s1990 ilu b 000 0 eng d | ||
| 010 | _a 89051634 | ||
| 020 | _a0842346171 | ||
| 035 | _a(OCoLC)21125916 | ||
| 040 |
_aPPiRPT _cPPiRPT _dDLC |
||
| 042 | _alccopycat | ||
| 050 | 0 | 4 |
_aBT 121.2 _b.Sp771 1990 |
| 082 |
_aHS 231.3 _bSp86 1990 |
||
| 100 | 1 |
_aSproul, R. C. _q(Robert Charles), _d1939- _910756 |
|
| 245 | 1 | 4 |
_aThe mystery of the Holy Spirit / _cR.C. Sproul. |
| 260 |
_aWheaton, Ill. : _bTyndale House Publishers, _cc1990. |
||
| 300 |
_a191 p. : _c20 cm. |
||
| 500 | _aIncludes bibliographical references. | ||
| 650 | 0 |
_aHoly Spirit. _910757 |
|
| 906 |
_a7 _bcbc _ccopycat _d3 _eocip _f19 _gy-gencatlg |
||
| 942 |
_2lcc _cHS |
||
| 999 |
_c8692 _d8692 |
||